[Event "Regionalliga Nord-Ost 1718"]
[Site "Bayern"]
[Date "2018.01.21"]
[Round "5.5"]
[White "Kuhlemann, Alexander"]
[Black "Erlbeck, Peter"]
[Result "1-0"]
[WhiteElo "1996"]
[BlackElo "1978"]
[PlyCount "101"]
[EventDate "2017.10.22"]
[EventType "team-tourn"]
[EventRounds "9"]
[EventCountry "GER"]
[SourceTitle "EXT 2022"]
[Source "ChessBase"]
[SourceDate "2021.10.06"]
[SourceVersion "1"]
[SourceVersionDate "2021.10.06"]
[SourceQuality "1"]
[WhiteTeam "Buechenbach/Roth"]
[BlackTeam "Nuernberg Sued SW II"]
[WhiteTeamCountry "GER"]
[BlackTeamCountry "GER"]

1. f4 g6 2. Nf3 Bg7 3. g3 c5 4. Bg2 d5 5. 0-0 Nc6 6. d3 h5 7. c3 Nh6 8. e4 d4 9. h3 a6 10. a4 0-0 11. Nh4 Kh7 12. f5 Ne5 13. c4 Bd7 14. Nf3 Nxf3+ 15. Qxf3 Qb6 16. g4 hxg4 17. hxg4 gxf5 18. g5 Ng4 19. exf5 Ne3 20. Bxe3 dxe3 21. f6 exf6 22. gxf6 e2 23. Qxe2 Bxf6 24. Be4+ Kg8 25. Qg2+ Bg7 26. Nc3 Qh6 27. Rf3 Rae8 28. Nd5 Kh8 29. Qh2 Qxh2+ 30. Kxh2 f5 31. Rh3+ Kg8 32. Bf3 Re6 33. Rg1 Kf7 34. Bh5+ Kg8 35. Rhg3 Rh6 36. Rxg7+ Kh8 37. Rxd7 Rxh5+ 38. Kg2 f4 39. Ne7 f3+ 40. Kf1 f2 41. Ng6+ Kg8 42. Nxf8+ fxg1Q+ 43. Kxg1 Kxf8 44. Rxb7 Rh3 45. Rd7 Ke8 46. Rd5 Ke7 47. Kg2 Re3 48. Kf2 Rh3 49. Ke1 Rh2 50. Rxc5 Rxb2 51. Rc6 1-0

[Event "Regionalliga NO 1516"]
[Site "Bayern"]
[Date "2015.12.13"]
[Round "4.6"]
[White "Goetz, Andreas"]
[Black "Kuhlemann, Alexander"]
[Result "1/2-1/2"]
[WhiteElo "2013"]
[BlackElo "1976"]
[PlyCount "108"]
[EventDate "2015.10.11"]
[EventType "team-tourn"]
[EventRounds "9"]
[EventCountry "GER"]
[SourceTitle "EXT 2018"]
[Source "ChessBase"]
[SourceDate "2017.10.13"]
[SourceVersion "1"]
[SourceVersionDate "2017.10.13"]
[SourceQuality "1"]
[WhiteTeam "Erlangen SC II"]
[BlackTeam "Buechenbach/Roth"]
[WhiteTeamCountry "GER"]
[BlackTeamCountry "GER"]

1. c4 f5 2. b3 Nf6 3. Bb2 g6 4. Nf3 Bg7 5. e3 0-0 6. Be2 d6 7. d4 Qe8 8. 0-0 Nbd7 9. d5 e5 10. dxe6 Nc5 11. Nd4 Nxe6 12. Nc3 Bd7 13. Bf3 Rb8 14. Nxe6 Bxe6 15. Qd2 Qf7 16. Rad1 Rfd8 17. Nd5 c6 18. Nf4 Rd7 19. Bd4 a6 20. Qb2 g5 21. Nxe6 Qxe6 22. g3 d5 23. cxd5 Nxd5 24. Bxg7 Rxg7 25. Bxd5 cxd5 26. Qd4 Rd8 27. Rc1 Rf7 28. Rfe1 Qd6 29. Re2 f4 30. exf4 gxf4 31. Re5 Qf6 32. Rce1 Rdf8 33. Rxd5 fxg3 34. fxg3 Qg6 35. Rd8 Qf5 36. Rxf8+ Rxf8 37. Qc4+ Kh8 38. Rf1 Qc8 39. Qxc8 Rxc8 40. Rf2 Kg7 41. Kf1 Re8 42. Rf4 Re5 43. Kf2 Kg6 44. h4 Rd5 45. Ke3 Rd1 46. Rb4 b5 47. Rd4 Re1+ 48. Kd3 Kf5 49. Kd2 Rg1 50. a4 Rg2+ 51. Kc1 bxa4 52. Rxa4 Rxg3 53. Ra5+ Kg4 54. Rxa6 Kxh4 1/2-1/2

[Event "Regionalliga NO 1516"]
[Site "Bayern"]
[Date "2015.10.11"]
[Round "1.7"]
[White "Sejdic, Enis"]
[Black "Kuhlemann, Alexander"]
[Result "1-0"]
[WhiteElo "2113"]
[BlackElo "1976"]
[PlyCount "159"]
[EventDate "2015.10.11"]
[EventType "team-tourn"]
[EventRounds "9"]
[EventCountry "GER"]
[SourceTitle "EXT 2018"]
[Source "ChessBase"]
[SourceDate "2017.10.13"]
[SourceVersion "1"]
[SourceVersionDate "2017.10.13"]
[SourceQuality "1"]
[WhiteTeam "Bechhofen"]
[BlackTeam "Buechenbach/Roth"]
[WhiteTeamCountry "GER"]
[BlackTeamCountry "GER"]

1. e4 d6 2. Bc4 Nf6 3. d3 c5 4. Nf3 Nc6 5. c3 Na5 6. Bb5+ Bd7 7. Ba4 b5 8. Bc2 Qc7 9. h3 g6 10. Bf4 Bg7 11. 0-0 0-0 12. Nbd2 Nh5 13. Be3 b4 14. d4 cxd4 15. cxd4 Bb5 16. Re1 Rac8 17. Rc1 Qb7 18. b3 Rc7 19. Bb1 Rfc8 20. Rxc7 Rxc7 21. e5 dxe5 22. dxe5 Bf8 23. Be4 Qc8 24. Nd4 Bd7 25. Bd5 e6 26. Bf3 Ng7 27. Ne4 Ne8 28. Qd2 Bc6 29. Bh6 Bxe4 30. Bxf8 Bxf3 31. Bxb4 Nxb3 32. Qh6 Ng7 33. Nxf3 Nf5 34. Qf4 Nc5 35. Qd2 Na6 36. Ba3 Rd7 37. Qf4 Nc7 38. Qa4 Nd5 39. Rc1 Qd8 40. Qa6 Nb6 41. Bb4 Rd1+ 42. Rxd1 Qxd1+ 43. Kh2 Qa4 44. Qxa4 Nxa4 45. g4 Ng7 46. Nd4 Ne8 47. Nc6 a6 48. Ba5 Nc5 49. Kg3 f6 50. f4 Kf7 51. Kf3 f5 52. Bd8 Nb7 53. Bb6 Ng7 54. a4 Ke8 55. a5 Kd7 56. Nb8+ Kc8 57. Nxa6 Nd8 58. Nc5 Nc6 59. Kg3 Nb4 60. Kh4 h6 61. Kg3 Nd5 62. Kf3 Kb8 63. Bd8 Ka7 64. Kg3 Kb8 65. h4 h5 66. gxf5 gxf5 67. Bg5 Nc7 68. Bh6 Nge8 69. Bf8 Ka7 70. Kf3 Kb8 71. Ke2 Ka7 72. Bd6 Nd5 73. Nxe6 Ka6 74. Kf3 Kxa5 75. Bf8 Kb5 76. Nd4+ Kb6 77. Nxf5 Kc7 78. Ng3 Kd7 79. Nxh5 Ke6 80. Ng7+ 1-0

[Event "Mittelfranken-chTB1 1415"]
[Site "Mittelfranken"]
[Date "2014.10.12"]
[Round "2.6"]
[White "Kuhlemann, Alexander"]
[Black "Wolfrum, Peter"]
[Result "1-0"]
[WhiteElo "1976"]
[BlackElo "1635"]
[PlyCount "43"]
[EventDate "2014.09.29"]
[EventType "team-tourn"]
[EventRounds "9"]
[EventCountry "GER"]
[SourceTitle "EXT 2020"]
[Source "ChessBase"]
[SourceDate "2019.10.17"]
[SourceVersion "1"]
[SourceVersionDate "2019.10.17"]
[SourceQuality "1"]
[WhiteTeam "Buechenbach/Roth"]
[BlackTeam "Nuernberg SK 1911 II"]
[WhiteTeamCountry "GER"]
[BlackTeamCountry "GER"]

1. f4 d5 2. Nf3 Nf6 3. e3 c5 4. b3 Nc6 5. Bb2 e6 6. a3 Be7 7. Bd3 a6 8. 0-0 h6 9. Ne5 0-0 10. Rf3 Ne4 11. Nc3 Nxe5 12. fxe5 Nxc3 13. Bxc3 b5 14. Rg3 c4 15. Qg4 g5 16. Qh5 Kg7 17. Rh3 Rh8 18. Rf1 Qe8 19. Rhf3 Rf8 20. Rf6 cxd3 21. Qxh6+ Kg8 22. Qxg5+ 1-0

[Event "Mittelfranken-chTB1 1213"]
[Site "Germany"]
[Date "2013.03.10"]
[Round "8.6"]
[White "Akopdjanian, Martin"]
[Black "Kuhlemann, Alexander"]
[Result "0-1"]
[WhiteElo "1625"]
[BlackElo "1906"]
[PlyCount "90"]
[EventDate "2012.10.07"]
[EventType "team-tourn"]
[EventRounds "9"]
[EventCountry "GER"]
[SourceTitle "EXT 2019"]
[Source "ChessBase"]
[SourceDate "2018.10.10"]
[SourceVersion "1"]
[SourceVersionDate "2018.10.10"]
[SourceQuality "1"]
[WhiteTeam "Fuerth SZ"]
[BlackTeam "Buechenbach/Roth"]
[WhiteTeamCountry "GER"]
[BlackTeamCountry "GER"]

1. e4 d6 2. d4 Nf6 3. Nc3 g6 4. Nf3 Bg7 5. h3 0-0 6. Be3 c6 7. Bc4 b5 8. Bd3 b4 9. Ne2 Ba6 10. Bxa6 Nxa6 11. Ng3 Qb6 12. Qd2 c5 13. 0-0 Rfd8 14. c3 Rab8 15. Bh6 Bh8 16. Qe2 Ne8 17. Rfd1 Nac7 18. Be3 Ne6 19. h4 Rdc8 20. Rab1 bxc3 21. bxc3 Qxb1 22. Rxb1 Rxb1+ 23. Kh2 cxd4 24. cxd4 Rb4 25. Qa6 Rc7 26. Qa3 Rbc4 27. e5 dxe5 28. dxe5 Nc5 29. Nd2 Rxh4+ 30. Kg1 Ra4 31. Qb2 Nd6 32. Nb3 Nc4 33. Qe2 Nd7 34. f4 Nxe3 35. Qxe3 Rxf4 36. Ne4 Nf6 37. Nxf6+ Bxf6 38. Qd2 Bh4 39. Kh2 Rf2 40. Qa5 Rcc2 41. Qd8+ Kg7 42. e6 Rxg2+ 43. Kh3 Rh2+ 44. Kg4 Rcf2 45. Qxe7 h5# 0-1

[Event "Mittelfranken-chTB1 1112"]
[Site "Germany"]
[Date "2012.03.25"]
[Round "9.4"]
[White "Rausch, Wolfgang1111"]
[Black "Kuhlemann, Alexander"]
[Result "0-1"]
[WhiteElo "1881"]
[BlackElo "1906"]
[PlyCount "58"]
[EventDate "2011.09.25"]
[EventType "team-tourn"]
[EventRounds "9"]
[EventCountry "GER"]
[SourceTitle "EXT 2018"]
[Source "ChessBase"]
[SourceDate "2017.10.13"]
[SourceVersion "1"]
[SourceVersionDate "2017.10.13"]
[SourceQuality "1"]
[WhiteTeam "Nuernberg NT IV"]
[BlackTeam "Buechenbach/Roth"]
[WhiteTeamCountry "GER"]
[BlackTeamCountry "GER"]

1. c4 f5 2. Nc3 Nf6 3. g3 g6 4. Bg2 Bg7 5. d4 d6 6. e3 0-0 7. Nge2 e5 8. dxe5 dxe5 9. Qxd8 Rxd8 10. 0-0 c6 11. Rd1 Rxd1+ 12. Nxd1 Be6 13. b3 Na6 14. Ndc3 Nb4 15. a4 Nd3 16. Ba3 Ng4 17. Rf1 Rd8 18. h3 Ngxf2 19. Rxf2 Nxf2 20. Kxf2 e4 21. Na2 b5 22. axb5 cxb5 23. Bc5 bxc4 24. bxc4 Bxc4 25. Nb4 Rd2 26. Bf1 a5 27. Nc6 a4 28. Ncd4 Bf8 29. Ke1 Rb2 0-1

[Event "Mittelfranken-chTB1 1112"]
[Site "Germany"]
[Date "2012.02.05"]
[Round "6.5"]
[White "Riexinger, Martin"]
[Black "Kuhlemann, Alexander"]
[Result "1/2-1/2"]
[WhiteElo "1832"]
[BlackElo "1887"]
[PlyCount "67"]
[EventDate "2011.09.25"]
[EventType "team-tourn"]
[EventRounds "9"]
[EventCountry "GER"]
[SourceTitle "EXT 2013"]
[Source "ChessBase"]
[SourceDate "2012.11.22"]
[SourceVersion "1"]
[SourceVersionDate "2012.11.22"]
[SourceQuality "1"]
[WhiteTeam "Heng Postbauer"]
[BlackTeam "Buechenbach/Roth"]
[WhiteTeamCountry "GER"]
[BlackTeamCountry "GER"]

1. d4 f5 2. c4 g6 3. Bf4 Bg7 4. Nf3 Nf6 5. Nc3 0-0 6. e3 d6 7. Qb3 c6 8. Rd1 Nh5 9. Bg3 f4 10. exf4 Nxf4 11. h3 Qe8 12. Ne4 Kh8 13. a3 Nd7 14. Bxf4 Rxf4 15. Qe3 Rf8 16. Bd3 Nb6 17. b3 Bf5 18. 0-0 Qd7 19. Rfe1 Rae8 20. Re2 e5 21. dxe5 Bxe5 22. Nxe5 dxe5 23. Nc5 Qg7 24. f4 Rf7 25. fxe5 Rfe7 26. Bxf5 gxf5 27. e6 Nc8 28. Qe5 b6 29. Na6 Qxe5 30. Rxe5 Kg7 31. Rxf5 Rxe6 32. Nc7 Re1+ 33. Rxe1 Rxe1+ 34. Rf1 1/2-1/2

[Event "Bayernliga U20 1112"]
[Site "Bayern"]
[Date "2011.11.12"]
[Round "1.3"]
[White "Kuhlemann, Alexander"]
[Black "Arnold, Sebastian"]
[Result "1/2-1/2"]
[WhiteElo "1906"]
[BlackElo "1769"]
[PlyCount "101"]
[EventDate "2011.11.12"]
[EventType "team-swiss"]
[EventRounds "7"]
[EventCountry "GER"]
[SourceTitle "EXT 2022"]
[Source "ChessBase"]
[SourceDate "2021.10.06"]
[SourceVersion "1"]
[SourceVersionDate "2021.10.06"]
[SourceQuality "1"]
[WhiteTeam "Buechenbach/Roth U20"]
[BlackTeam "Kelheim SK U20"]
[WhiteTeamCountry "GER"]
[BlackTeamCountry "GER"]

1. f4 Nf6 2. Nf3 g6 3. e3 Bg7 4. d4 d6 5. Bd3 Nbd7 6. 0-0 c5 7. c3 a6 8. a4 b6 9. e4 0-0 10. e5 Ne8 11. Ng5 h6 12. Nxf7 Rxf7 13. Bxg6 Rf8 14. f5 dxe5 15. dxe5 Bb7 16. Qh5 Nxe5 17. Bxh6 Bxh6 18. Qxh6 Nxg6 19. Qxg6+ Ng7 20. Na3 Rf6 21. Qg5 Qf8 22. g4 Rd8 23. Nc4 Qf7 24. Ne3 Rfd6 25. h4 Qf6 26. Qxf6 exf6 27. g5 Nh5 28. Rad1 Rxd1 29. Rxd1 Rxd1+ 30. Nxd1 fxg5 31. hxg5 Be4 32. Ne3 Ng3 33. f6 Bc6 34. Nc4 Ne4 35. Nxb6 Nxg5 36. b4 Ne4 37. bxc5 Nxc5 38. Kf2 Bxa4 39. Ke3 Bb5 40. c4 Be8 41. Kd4 Ne6+ 42. Kd5 Kf7 43. c5 Nd8 44. Nc4 Kxf6 45. Na5 Ke7 46. c6 Ne6 47. Nb7 Nf4+ 48. Kc5 Nd3+ 49. Kb6 Nb4 50. Nc5 Bxc6 51. Nxa6 1/2-1/2

[Event "Mittelfranken-chTB1 1112"]
[Site "Germany"]
[Date "2011.09.25"]
[Round "1.5"]
[White "Kuhlemann, Alexander"]
[Black "Augustin, Achim"]
[Result "1-0"]
[WhiteElo "1887"]
[BlackElo "1897"]
[PlyCount "61"]
[EventDate "2011.09.25"]
[EventType "team-tourn"]
[EventRounds "9"]
[EventCountry "GER"]
[SourceTitle "EXT 2013"]
[Source "ChessBase"]
[SourceDate "2012.11.22"]
[SourceVersion "1"]
[SourceVersionDate "2012.11.22"]
[SourceQuality "1"]
[WhiteTeam "Buechenbach/Roth"]
[BlackTeam "Nuernberg SK 1911"]
[WhiteTeamCountry "GER"]
[BlackTeamCountry "GER"]

1. f4 d5 2. Nf3 Nf6 3. e3 Bg4 4. h3 Bxf3 5. Qxf3 e6 6. b3 Ne4 7. g3 Be7 8. h4 Bf6 9. d4 c5 10. Bb2 Nc6 11. c3 cxd4 12. exd4 Qa5 13. Kd1 Qb6 14. Nd2 Nxd4 15. cxd4 Bxd4 16. Rb1 Bxb2 17. Rxb2 Qd4 18. Rc2 Nf2+ 19. Kc1 Nxh1 20. Bb5+ Ke7 21. Rc7+ Kf6 22. f5 exf5 23. g4 g6 24. gxf5 gxf5 25. Bd7 Qa1+ 26. Nb1 Qe5 27. Rc5 Ng3 28. Nc3 Rad8 29. Rxd5 Qxc3+ 30. Qxc3+ Ke7 31. Qe5+ 1-0

[Event "Bayernliga U20 1011"]
[Site "Bayern"]
[Date "2011.04.02"]
[Round "6.3"]
[White "Kuhlemann, Alexander"]
[Black "Schnurr, Christian"]
[Result "1/2-1/2"]
[WhiteElo "1887"]
[BlackElo "1875"]
[PlyCount "116"]
[EventDate "2010.10.16"]
[EventType "team-tourn"]
[EventRounds "7"]
[EventCountry "GER"]
[SourceTitle "EXT 2022"]
[Source "ChessBase"]
[SourceDate "2021.10.06"]
[SourceVersion "1"]
[SourceVersionDate "2021.10.06"]
[SourceQuality "1"]
[WhiteTeam "Buechenbach/Roth U20"]
[BlackTeam "Ergolding FC U20"]
[WhiteTeamCountry "GER"]
[BlackTeamCountry "GER"]

1. f4 e5 2. fxe5 d6 3. Nf3 Nc6 4. e4 Bg4 5. e6 fxe6 6. Be2 Qd7 7. d4 0-0-0 8. 0-0 Nf6 9. Nc3 Be7 10. Be3 a6 11. d5 exd5 12. exd5 Ne5 13. Qd4 c5 14. dxc6 Nxc6 15. Qa4 Rde8 16. Rad1 Bd8 17. Bf4 Bc7 18. Bxa6 bxa6 19. Qxa6+ Kd8 20. Nb5 Re6 21. Qa8+ Nb8 22. Nxc7 Qxc7 23. Rd3 Ke7 24. Ng5 Qb6+ 25. Kh1 Bf5 26. Rb3 Qf2 27. Rf3 Qe2 28. Nxe6 Be4 29. Qa7+ Kxe6 30. R3f2 Qb5 31. Rd1 Bd5 32. b3 Nc6 33. Qe3+ Be4 34. Rxd6+ Kf7 35. Bg5 Re8 36. Qf4 Bf5 37. h3 Re5 38. Bxf6 gxf6 39. Kh2 Qc5 40. Rd1 Ne7 41. g4 h5 42. Rdf1 Nd5 43. Qc4 Qxc4 44. bxc4 Ne3 45. Rxf5 Nxf1+ 46. Rxf1 Re2+ 47. Kg3 Rxc2 48. g5 Rxc4 49. Rxf6+ Kg7 50. Rh6 Ra4 51. h4 Ra3+ 52. Kf2 Rxa2+ 53. Ke3 Ra3+ 54. Kd2 Ra4 55. Rxh5 Ra6 56. Ke3 Rb6 57. Kf4 Ra6 58. g6 Rxg6 1/2-1/2

[Event "Mittelfranken-chTB1 1011"]
[Site "Germany"]
[Date "2011.03.13"]
[Round "7.5"]
[White "Suess, Stefan"]
[Black "Kuhlemann, Alexander"]
[Result "1-0"]
[WhiteElo "1866"]
[BlackElo "1945"]
[PlyCount "53"]
[EventDate "2010.09.26"]
[EventType "team-tourn"]
[EventRounds "9"]
[EventCountry "GER"]
[SourceTitle "EXT 2012"]
[Source "ChessBase"]
[SourceDate "2011.11.24"]
[SourceVersion "1"]
[SourceVersionDate "2011.11.24"]
[SourceQuality "1"]
[WhiteTeam "Nuernberg NT III"]
[BlackTeam "Buechenbach/Roth"]
[WhiteTeamCountry "GER"]
[BlackTeamCountry "GER"]

1. b3 d5 2. Bb2 Nf6 3. e3 c6 4. Nf3 Bf5 5. d4 e6 6. Bd3 Bg6 7. 0-0 Bd6 8. c4 Nbd7 9. Re1 0-0 10. Bxg6 hxg6 11. Nbd2 Re8 12. e4 dxe4 13. Nxe4 Nxe4 14. Rxe4 Nf6 15. Re3 c5 16. Rd3 Qc7 17. Qe2 cxd4 18. Rxd4 e5 19. Rh4 Rad8 20. Rc1 e4 21. Bxf6 exf3 22. Qxf3 Qa5 23. g4 Re1+ 24. Kg2 Bg3 25. Bxd8 Qxd8 26. Qxg3 Rxc1 27. Qh3 1-0

[Event "Mittelfranken-chTB1 1011"]
[Site "Germany"]
[Date "2011.01.23"]
[Round "5.5"]
[White "Werner, Andreas1111"]
[Black "Kuhlemann, Alexander"]
[Result "1/2-1/2"]
[WhiteElo "1946"]
[BlackElo "1945"]
[PlyCount "142"]
[EventDate "2010.09.26"]
[EventType "team-tourn"]
[EventRounds "9"]
[EventCountry "GER"]
[SourceTitle "EXT 2012"]
[Source "ChessBase"]
[SourceDate "2011.11.24"]
[SourceVersion "1"]
[SourceVersionDate "2011.11.24"]
[SourceQuality "1"]
[WhiteTeam "Nuernberg Sued SW II"]
[BlackTeam "Buechenbach/Roth"]
[WhiteTeamCountry "GER"]
[BlackTeamCountry "GER"]

1. d4 f5 2. c4 g6 3. b3 Bg7 4. Bb2 Nf6 5. Nc3 0-0 6. g3 d6 7. Bg2 c6 8. Nf3 a5 9. 0-0 Na6 10. Rb1 Rb8 11. e3 Bd7 12. Ne2 b5 13. cxb5 cxb5 14. Rc1 Qb6 15. Nf4 Rfc8 16. Qe2 Nc7 17. h4 Bh6 18. Ng5 Bxg5 19. hxg5 Ne4 20. Bxe4 fxe4 21. Rc2 d5 22. Rfc1 e6 23. Qg4 Ne8 24. Nxd5 Qd8 25. Nc3 Nd6 26. Nxe4 Rxc2 27. Rxc2 Nxe4 28. Qxe4 Qxg5 29. Rc5 Qf6 30. Rc2 Qf5 31. Qxf5 gxf5 32. Rc7 Rd8 33. Kg2 Kf7 34. Ba3 Ke8 35. Bc5 Rc8 36. Ra7 a4 37. b4 Rd8 38. Kf3 Bc6+ 39. Kf4 Rd7 40. Ra6 Bd5 41. a3 Kf7 42. f3 Bc4 43. Ra8 Bb3 44. e4 fxe4 45. fxe4 Ba2 46. Ke5 Bb3 47. Rb8 Bc4 48. Rb6 h5 49. Rd6 Ke8 50. d5 exd5 51. exd5 Be2 52. Rb6 Bc4 53. Bd6 Kf7 54. Kd4 Ke8 55. Kc5 Rd8 56. Rb7 Rc8+ 57. Kd4 Rd8 58. Ke5 Rd7 59. Rb8+ Rd8 60. Ke6 Rxb8 61. Bxb8 Be2 62. Kd6 Bg4 63. Bc7 Bd7 64. Kc5 Kf7 65. Kd6 Ke8 66. Bb6 Bg4 67. Be3 Bd7 68. Bg5 Bg4 69. Kc6 Bd7+ 70. Kc5 Kf7 71. Kd6 Ke8 1/2-1/2

[Event "Bayernliga U20 1011"]
[Site "Bayern"]
[Date "2010.12.04"]
[Round "3.3"]
[White "Kuhlemann, Alexander"]
[Black "Kirch, Florian"]
[Result "0-1"]
[WhiteElo "1887"]
[BlackElo "2040"]
[PlyCount "74"]
[EventDate "2010.10.16"]
[EventType "team-tourn"]
[EventRounds "7"]
[EventCountry "GER"]
[SourceTitle "EXT 2022"]
[Source "ChessBase"]
[SourceDate "2021.10.06"]
[SourceVersion "1"]
[SourceVersionDate "2021.10.06"]
[SourceQuality "1"]
[WhiteTeam "Buechenbach/Roth U20"]
[BlackTeam "Grossenseebach U20"]
[WhiteTeamCountry "GER"]
[BlackTeamCountry "GER"]

1. f4 d5 2. e3 c5 3. Nf3 g6 4. d3 Nf6 5. Be2 Nc6 6. 0-0 Bg7 7. Qe1 0-0 8. a4 Re8 9. Ne5 Qc7 10. Nxc6 Qxc6 11. Bf3 e5 12. fxe5 Rxe5 13. Qg3 Qe8 14. Nc3 Bd7 15. e4 d4 16. Nd5 Nxd5 17. exd5 Bxa4 18. b3 Bb5 19. Bf4 Re7 20. Bd6 Be5 21. Bxe5 Rxe5 22. Ra5 a6 23. Rfa1 Rd8 24. Rf1 b6 25. Raa1 Qe7 26. Be4 Rf8 27. h4 Rxe4 28. dxe4 Bxf1 29. Rxf1 Qxe4 30. Qd6 Qxc2 31. Qxb6 d3 32. Qxa6 Qxb3 33. d6 Qd5 34. h5 d2 35. Rd1 Rd8 36. hxg6 hxg6 37. Qa7 Qxd6 0-1

[Event "Mittelfranken-chTB1 1011"]
[Site "Germany"]
[Date "2010.11.21"]
[Round "3.4"]
[White "Kuhlemann, Alexander"]
[Black "Sippl, Martin"]
[Result "1-0"]
[WhiteElo "1945"]
[BlackElo "1972"]
[PlyCount "101"]
[EventDate "2010.09.26"]
[EventType "team-tourn"]
[EventRounds "9"]
[EventCountry "GER"]
[SourceTitle "EXT 2012"]
[Source "ChessBase"]
[SourceDate "2011.11.24"]
[SourceVersion "1"]
[SourceVersionDate "2011.11.24"]
[SourceQuality "1"]
[WhiteTeam "Buechenbach/Roth"]
[BlackTeam "Postbauer Heng"]
[WhiteTeamCountry "GER"]
[BlackTeamCountry "GER"]

1. f4 Nf6 2. Nf3 d6 3. Nc3 c5 4. b3 Nc6 5. e3 e6 6. Bb2 Be7 7. Be2 a6 8. a4 b6 9. 0-0 Bb7 10. d3 Qc7 11. Ng5 d5 12. f5 e5 13. Bf3 Qd7 14. e4 d4 15. Nb1 Na5 16. Bh5 g6 17. Bg4 h5 18. Nxf7 Nxg4 19. Nxh8 Ne3 20. Qf3 Nxf1 21. Kxf1 gxf5 22. Qxh5+ Kd8 23. Nd2 Kc7 24. Ng6 fxe4 25. Nxe4 Bxe4 26. dxe4 Bd6 27. Kg1 Nc6 28. Rf1 Rg8 29. Bc1 Qg7 30. Nh4 Ne7 31. Rf7 Qg4 32. Qxg4 Rxg4 33. Nf5 Rxe4 34. Bg5 Re2 35. Bxe7 Bxe7 36. Rxe7+ Kc6 37. Kf1 Rxc2 38. Rxe5 Rb2 39. h4 d3 40. h5 Rb1+ 41. Re1 Rxb3 42. h6 d2 43. Rd1 Rd3 44. h7 Rd8 45. Ne7+ Kc7 46. Ng6 c4 47. Rxd2 Rxd2 48. h8Q b5 49. Qe5+ Kc6 50. Ne7+ Kb7 51. Qe4+ 1-0

[Event "Mittelfranken-chTB1 1011"]
[Site "Germany"]
[Date "2010.10.17"]
[Round "2.3"]
[White "Kuhlemann, Alexander"]
[Black "Fischer, Gerd1111"]
[Result "0-1"]
[WhiteElo "1945"]
[BlackElo "2019"]
[PlyCount "114"]
[EventDate "2010.09.26"]
[EventType "team-tourn"]
[EventRounds "9"]
[EventCountry "GER"]
[SourceTitle "EXT 2012"]
[Source "ChessBase"]
[SourceDate "2011.11.24"]
[SourceVersion "1"]
[SourceVersionDate "2011.11.24"]
[SourceQuality "1"]
[WhiteTeam "Buechenbach/Roth"]
[BlackTeam "Gunzenhausen"]
[WhiteTeamCountry "GER"]
[BlackTeamCountry "GER"]

1. f4 d5 2. e3 Nf6 3. Nf3 Bg4 4. b3 e6 5. Bb2 Nbd7 6. Be2 Be7 7. 0-0 0-0 8. d3 c5 9. Nbd2 b5 10. a4 a6 11. h3 Bxf3 12. Bxf3 Qb6 13. Qe2 Rac8 14. axb5 axb5 15. Ra2 Ra8 16. Rfa1 Rxa2 17. Rxa2 Rc8 18. Kh1 Qd8 19. e4 dxe4 20. Nxe4 Nd5 21. Nc3 Nb4 22. Ra7 Bf6 23. Ba1 c4 24. dxc4 bxc4 25. Ne4 Bxa1 26. Rxa1 cxb3 27. cxb3 Nf6 28. Rd1 Nfd5 29. Ng5 Qf6 30. Bxd5 Nxd5 31. Qe4 g6 32. Rd4 Rc3 33. Ra4 h6 34. Nf3 Rxb3 35. Ne5 Re3 36. Qc4 Re1+ 37. Kh2 Qxf4+ 38. Qxf4 Nxf4 39. Nxf7 Kxf7 40. Rxf4+ Ke7 41. Kg3 e5 42. Ra4 Rf1 43. Kg4 Rf2 44. g3 Rd2 45. Ra7+ Rd7 46. Ra6 Rd6 47. Ra7+ Kf6 48. Ra3 Rd4+ 49. Kf3 h5 50. Re3 Kf5 51. g4+ hxg4+ 52. hxg4+ Kf6 53. Kg3 e4 54. Re2 Kg5 55. Kh3 Rd3+ 56. Kh2 Kf4 57. g5 e3 0-1

[Event "Regionalliga NO 0910"]
[Site "Bayern"]
[Date "2010.03.21"]
[Round "8.7"]
[White "Kuhlemann, Alexander"]
[Black "Fiedler, Wolfgang"]
[Result "0-1"]
[WhiteElo "1891"]
[BlackElo "1982"]
[PlyCount "56"]
[EventDate "2009.10.18"]
[EventType "team-tourn"]
[EventRounds "9"]
[EventCountry "GER"]
[SourceTitle "EXT 2011"]
[Source "ChessBase"]
[SourceDate "2010.11.26"]
[SourceVersion "1"]
[SourceVersionDate "2010.11.26"]
[SourceQuality "1"]
[WhiteTeam "Buechenbach/Roth"]
[BlackTeam "Forchheim II"]
[WhiteTeamCountry "GER"]
[BlackTeamCountry "GER"]

1. f4 c5 2. Nf3 d5 3. e3 Nc6 4. b3 Bg4 5. Bb2 e6 6. Bb5 Rc8 7. 0-0 a6 8. Bxc6+ Rxc6 9. h3 Bxf3 10. Qxf3 f5 11. d3 Nf6 12. Nd2 Be7 13. Rad1 0-0 14. e4 d4 15. c4 fxe4 16. dxe4 g6 17. g4 Nd7 18. Qg3 Qb8 19. g5 b5 20. h4 Bd6 21. e5 Be7 22. h5 Rf5 23. hxg6 hxg6 24. Rf2 Nxe5 25. Ne4 Nf7 26. Qf3 Rc8 27. Ng3 Nxg5 28. Qg4 Rxf4 0-1

[Event "Regionalliga NO 0910"]
[Site "Bayern"]
[Date "2010.02.28"]
[Round "7.8"]
[White "Wiesgickl, Gerhard"]
[Black "Kuhlemann, Alexander"]
[Result "0-1"]
[WhiteElo "1877"]
[BlackElo "1891"]
[PlyCount "68"]
[EventDate "2009.10.18"]
[EventType "team-tourn"]
[EventRounds "9"]
[EventCountry "GER"]
[SourceTitle "EXT 2011"]
[Source "ChessBase"]
[SourceDate "2010.11.26"]
[SourceVersion "1"]
[SourceVersionDate "2010.11.26"]
[SourceQuality "1"]
[WhiteTeam "Amberg Siemens"]
[BlackTeam "Buechenbach/Roth"]
[WhiteTeamCountry "GER"]
[BlackTeamCountry "GER"]

1. e4 e5 2. Nf3 Nc6 3. d4 exd4 4. Nxd4 Bc5 5. Be3 Qf6 6. c3 Nge7 7. Bc4 d6 8. Na3 a6 9. Nac2 Ne5 10. Be2 Qg6 11. Bf3 0-0 12. Ne2 Nxf3+ 13. gxf3 Bxe3 14. Nxe3 f5 15. Nf4 Qf7 16. Nfd5 Nxd5 17. Nxd5 fxe4 18. f4 c6 19. Ne3 Qxf4 20. Qb3+ d5 21. 0-0-0 Qxf2 22. Rde1 Bh3 23. Nd1 Qf4+ 24. Kb1 b5 25. Qb4 Qc7 26. Qd4 Rf3 27. Rhg1 Rd3 28. Qc5 Rf8 29. a3 Rd2 30. Rg5 Qf4 31. Reg1 Rxd1+ 32. Rxd1 Qxg5 33. Qxc6 e3 34. Rxd5 Bf5+ 0-1

[Event "GER-chT U16"]
[Site "Verden an der Aller"]
[Date "2009.12.28"]
[Round "3.1"]
[White "Schulz, Anja2222"]
[Black "Kuhlemann, Alexander"]
[Result "1-0"]
[WhiteElo "1996"]
[BlackElo "1855"]
[PlyCount "55"]
[EventDate "2009.12.27"]
[EventType "team-swiss"]
[EventRounds "7"]
[EventCountry "GER"]
[SourceTitle "EXT 2022"]
[Source "ChessBase"]
[SourceDate "2021.10.06"]
[SourceVersion "1"]
[SourceVersionDate "2021.10.06"]
[SourceQuality "1"]
[WhiteTeam "Wilkau Hasslau Muldental U16"]
[BlackTeam "Bamberg SC U16"]
[WhiteTeamCountry "GER"]
[BlackTeamCountry "GER"]

1. e4 e5 2. Nf3 Nc6 3. Bb5 a6 4. Ba4 Nf6 5. d3 b5 6. Bb3 Be7 7. 0-0 0-0 8. Re1 d6 9. c3 Bg4 10. Nbd2 Na5 11. Bc2 c5 12. h3 Bh5 13. Nf1 Nd7 14. Ne3 Bg6 15. g4 Nb6 16. Nf5 Nc6 17. Kg2 c4 18. d4 exd4 19. N3xd4 Nxd4 20. Nxe7+ Qxe7 21. Qxd4 Nc8 22. f4 h5 23. f5 Bh7 24. Bf4 hxg4 25. hxg4 Ra7 26. Rh1 d5 27. e5 f6 28. Qxd5+ 1-0